000 00718nas a2200241 4500
001 BR9505376
003 BR-BrBNA
005 20231205094427.0
007 ta
008 230509b bl.|||p| |||| 00| 00por d
040 _aBR-BrBNA
_bpor
_cBiblioteca Nacional de Agricultura
041 _a(Pt)
072 _aL74; L53
100 1 _aFreitas, M.A.R. de
245 1 _aHipoplasia gonadal como causa de baixa fertilidade e esterilidade em touros
650 _aTouro
650 _aHipoplasia
650 _aFertilidade Animal
650 _aCastracao
773 0 _tZootecnia (Brazil)
_xISSN 0044-5320
_g(Jul-Sep 1973), v. 11(3) p. 183-192
_wBR9505376
909 _a202311
_bLúcia
_c55
_dLúcia Elande
942 _2AGRIS
_n0
_cANA
999 _c144242
_d144242